000
00315nam a2200133Ia 4500
008
150201s2014 xx 000 0 und d
082
_a
611
_b
H2012A
100
_a
ANAND , M.K
245
_a
HUMAN ANATOMY
250
_a
3RD
260
_b
JAYPEE BROTHERS MEDICAL PUBLISHERS
650
_a
ANATOMY
942
_2
ddc
_c
BK
_0
17
999
_c
4837
_d
4837